Countries With MLB Players - Statistics

General Stats
  • This quiz has been taken 30 times
  • The average score is 16 of 21
Answer Stats
Hint Answer % Correct
1,043 United States
100%
100 Venezuela
100%
152 Dominican Republic
96%
15 Mexico
96%
13 Canada
92%
1 China
88%
30 Cuba
88%
7 Japan
88%
2 Brazil
83%
10 Colombia
83%
3 Germany
83%
2 Australia
79%
7 Netherlands
79%
7 Panama
79%
5 South Korea
75%
1 Honduras
63%
4 Nicaragua
63%
5 Taiwan
63%
1 South Africa
42%
1 Saudi Arabia
17%
1 Lithuania
8%
No matching quizzes found
Score Distribution
Percent of People with Each Score
Percentile by Number Answered
Your Score History
You have not taken this quiz